| 000 | 00778nam a2200217Ia 4500 | ||
|---|---|---|---|
| 003 | GCL | ||
| 008 | 140319s9999 xx 000 0 ara d | ||
| 020 | _a2087367977 | ||
| 040 |
_aGCL / _cGCL |
||
| 082 | 0 | 4 |
_a811.082 _bع ق |
| 100 | 1 | _aعبدالعزيز محمد عوض الله | |
| 245 | 1 | 0 |
_aفلسطين فى الشعر التركى : _bقصائد من وحى الانتفاضة / _cعبدالعزيز محمد عوض الله |
| 250 | _aالاولى | ||
| 260 |
_aالقاهرة : _bمركز الاعلام العربى ، _c2005 |
||
| 300 |
_a112 ص ؛ _c20 سم |
||
| 490 |
_aادب القدس _v4 |
||
| 650 | 0 | 4 | _aالشعر السياسى |
| 650 | 0 | 4 | _aالادب التركى المترجم |
| 650 | 0 | 4 | _aالشعر العربى - تركيا |
| 942 |
_2ddc _cBK |
||
| 999 |
_c8889 _d8889 |
||